[Event "31st Roquetas de Mar Open 2020"]
[Site "Roquetas de Mar"]
[Date "2020.01.06"]
[Round "7.2"]
[White "Grigoryan, Karen H."]
[Black "Lu, Shanglei"]
[Result "1-0"]
[WhiteElo "2632"]
[BlackElo "2611"]
[Annotator "TA"]
[PlyCount "97"]
[EventDate "2020.01.02"]
[EventType "swiss"]
[EventCountry "ESP"]
[SourceTitle "playchess.com"]
[Source "ChessBase"]
[SourceQuality "1"]

{[%evp 20,97,22,6,39,25,32,32,25,16,21,18,32,37,99,99,88,103,83,80,76,51,49,64,55,52,45,20,16,19,35,26,40,32,46,25,45,32,38,32,33,40,39,32,32,32,36,32,38,47,48,37,47,45,45,44,45,45,54,43,160,142,133,120,175,168,171,160,173,117,132,76,218,223,562,497,29980,775,29980,29983]} 1. d4 Nf6 2. c4 e6 3. Nc3 d5 4. Bg5 Nbd7 5. cxd5 exd5 6. e3 h6 7. Bh4 Be7 8. Bd3 O-O 9. Nge2 c6 10. Qc2 Re8 11. f3 Bf8 {D36: Queen's Gambit Declined: Exchange Variation: Main line (5 Bg5 c6 6 Qc2)} (11... Nf8 12. O-O Ne6 13. Rad1 b6 14. Kh1 Bb7 15. h3 Rc8 16. Qb1 Nh5 17. Bf2 Bh4 18. Bg1 Ng3+ 19. Nxg3 Bxg3 20. b4 Bb8 21. Ne2 Qe7 {½-½ (38) Baron,T (2506)-Salgado Lopez,I (2622) Skopje 2019}) 12. Bf2 c5 $146 ({Predecessor:} 12... Nb6 13. O-O Be6 14. Rae1 Rc8 15. Nf4 Bd7 16. e4 dxe4 17. fxe4 Ng4 18. h3 Nxf2 19. Qxf2 {1-0 (39) Musialkiewicz,J (2266)-Kubien,J (2218) Poronin 2013}) 13. O-O cxd4 {White is slightly better.} 14. exd4 Nb6 15. a4 Be6 16. Nf4 Rc8 ({Black should try} 16... a5 $14) 17. Nxe6 $16 fxe6 18. Bg6 Re7 19. Rfe1 Nc4 20. b3 Na5 {With the idea ...Rec7.} 21. Qb2 Qb6 $1 22. Rab1 Rec7 23. Ne2 Bb4 24. Rec1 Rxc1+ 25. Rxc1 Rxc1+ 26. Nxc1 Bd6 27. Qc3 {Qc8+ is the strong threat.} Nc6 28. Qe1 Nd8 29. Qe3 Qc7 30. g3 $1 Kf8 31. Qd2 Nc6 32. Kg2 Ne7 33. Bb1 Kf7 34. Nd3 a6 35. b4 a5 36. Ne5+ Bxe5 37. dxe5 Qxe5 38. bxa5 Nc6 39. Bd3 Qd6 ({Black should play} 39... g5 $14) 40. a6 bxa6 41. Bxa6 e5 (41... d4 $16) 42. Bb5 $18 e4 43. fxe4 Nxe4 44. Qf4+ (44. Qc1 $18 Qf6 45. Qf4 (45. Qxc6 Qxf2+ 46. Kh1 Qe1+ 47. Kg2 Qf2+ 48. Kh1 Qf3+ 49. Kg1 Qf2+ 50. Kh1 $11) 45... Qxf4 46. gxf4) 44... Ke7 $16 45. Be3 $36 {[%mdl 2048] White is on the roll.} (45. Bb6 $142) 45... Na5 {[#]} (45... Qxf4 $16 46. gxf4 Kd6) 46. Qg4 $1 $18 {[%cal Rg4g7]} g5 $2 (46... Kf7 47. Bd4 Nf6 48. Bxf6 gxf6 49. Qh5+ Ke6 50. Qh3+ Kf7 51. Qh5+ (51. Qxh6 Qe6 $18) 51... Ke6 52. Qe2+ Kf7 53. Qh5+) 47. Qc8 d4 (47... Nb3 $18 48. a5 Nec5) 48. Qe8+ Kf6 {[#]} 49. Bxd4+ $1 {[%mdl 512] Accuracy: White = 75%, Black = 44%.} 1-0

[Event "31st Roquetas de Mar Open 2020"]
[Site "Roquetas de Mar"]
[Date "2020.01.06"]
[Round "7.3"]
[White "Wieczorek, Oskar"]
[Black "Harutyunian, Tigran K."]
[Result "0-1"]
[WhiteElo "2490"]
[BlackElo "2533"]
[Annotator "RC"]
[PlyCount "62"]
[EventDate "2020.01.02"]
[EventType "swiss"]
[EventCountry "ESP"]
[SourceTitle "playchess.com"]
[Source "ChessBase"]
[SourceQuality "1"]
[TimeControl "5400+30"]

1. c4 {[%emt 0:05:38]} e6 {[%emt 0:02:06]} 2. Nc3 {[%emt 0:01:33]} d5 {[%emt 0:00:33]} 3. d4 {[%emt 0:00:23]} Be7 {[%emt 0:00:34]} 4. cxd5 {[%emt 0:02:07]} exd5 {[%emt 0:00:05]} 5. Bf4 {[%emt 0:00:41]} c6 {[%emt 0:00:07]} 6. e3 {[%emt 0:02:56]} Bf5 {[%emt 0:00:09]} 7. Nge2 {[%emt 0:03:39]} Nd7 {[%emt 0:00:42]} 8. h4 {[%emt 0:01:19]} h5 {[%emt 0:13:17]} 9. Ng3 {[%emt 0:01:46]} Bg6 {[%emt 0:01:11]} 10. Bd3 {[%emt 0:00:07]} Bxd3 {[%emt 0:06:54]} 11. Qxd3 {[%emt 0:00:05]} Ngf6 {[%emt 0:01:14]} 12. Nf5 {[%emt 0:01:03]} O-O {[%emt 0:00:11]} 13. Nxe7+ {[%emt 0:13:17]} Qxe7 {[%emt 0:00:08]} 14. O-O-O {[%emt 0:01:48]} Rfe8 {[%emt 0:05:14]} 15. f3 {[%emt 0:03:38]} b5 {[%emt 0:05:50]} 16. Kb1 {[%emt 0:17:11]} a5 {[%emt 0:02:41]} 17. Bg5 {[%emt 0:10:04]} a4 {[%emt 0:01:43]} 18. Ne2 {[%emt 0:01:54]} Nb6 {[%emt 0:09:10]} 19. Ng3 {[%emt 0:07:02]} Nc4 {[%emt 0:00:17]} 20. Rc1 {[%emt 0:00:41]} Qb4 {[%emt 0:10:34]} 21. Qc3 {[%emt 0:16:10]} Qd6 {[%emt 0:00:22]} 22. Bf4 {[%emt 0:00:24]} Qd7 {[%emt 0:04:05]} 23. Rhe1 {[%emt 0:00:42]} Re6 {[%emt 0:01:25]} 24. Qb4 {[%emt 0:01:00]} Rae8 {[%emt 0:00:52]} 25. Rc3 {[%emt 0:00:34]} Qa7 {[%emt 0:01:46]} 26. Rd3 {[%emt 0:05:17]} g6 {[%emt 0:03:13]} 27. Nf1 {[%emt 0:00:20]} Nd7 {[%emt 0:00:32]} 28. Rc1 {[%emt 0:00:23]} Nb8 {[%emt 0:01:57]} 29. b3 {[%emt 0:01:41]} Na6 {[%emt 0:01:38]} 30. Qe1 {[%emt 0:00:16]} axb3 {[%emt 0:00:08]} 31. axb3 {[%emt 0:00:04]} Ra8 {[%emt 0:00:28]} 0-1

[Event "31st Roquetas de Mar Open 2020"]
[Site "Roquetas de Mar"]
[Date "2020.01.06"]
[Round "7.4"]
[White "Pridorozhni, Aleksei"]
[Black "Bjerre, Jonas Buhl"]
[Result "0-1"]
[WhiteElo "2601"]
[BlackElo "2535"]
[Annotator "TA"]
[PlyCount "60"]
[EventDate "2020.01.02"]
[EventType "swiss"]
[EventCountry "ESP"]
[SourceTitle "playchess.com"]
[Source "ChessBase"]
[SourceQuality "1"]

{[%evp 10,86,25,12,20,22,16,-7,-15,-25,-4,-33,-29,-50,-83,-131,-137,-135,-154,-293,-297,-281,-275,-365,-217,-207,-197,-213,-154,-158,-137,-172,-166,-187,-118,-137,-138,-223,-103,-150,-153,-171,-47,-45,60,64,47,-439,-295,-787,-780,-1112,-1111,-1098,-1106,-991,-978,-1529,-451,-795,-788,-1322,-1260,-2062,-2128,-2064,-1993,-1665,-1525,-29983,-29981,-29985,-29986,-29991,-29988,-29988,-29989,-29989,-772]} 1. e4 c5 2. Nf3 d6 3. d4 cxd4 4. Nxd4 Nf6 5. Nc3 a6 6. Nb3 Nbd7 {B90: Sicilian Najdorf: Unusual White 6th moves, 6 Be3 Ng4 and 6 Be3 e5} 7. g4 (7. Be3 h5 8. a4 g6 9. a5 Bg7 10. Be2 b5 11. axb6 Nxb6 12. h3 Qc7 13. Qd4 Rb8 14. Bxa6 {½-½ (31) Svidler,P (2729)-Vachier Lagrave,M (2774) Khanty-Mansiysk 2019}) 7... h6 8. Be3 b5 {The position is equal.} 9. a3 Bb7 10. f3 e6 11. Qe2 $146 ({Predecessor:} 11. Rg1 d5 12. h4 dxe4 13. g5 hxg5 14. hxg5 {0-1 (30) Assaubayeva,B (2376)-Idani,P (2604) Sharjah 2019}) 11... Rc8 12. O-O-O {[#]} Rxc3 $1 13. bxc3 d5 14. Bd4 (14. Kb2 $17) 14... Bxa3+ 15. Kb1 e5 16. Bg2 Qc7 (16... exd4 $142 17. e5 Nh7) 17. Ka2 $19 Be7 (17... exd4 18. Kxa3 dxe4 19. fxe4 $17) 18. Bf2 dxe4 (18... Qxc3 19. Be1 $17) 19. fxe4 a5 (19... Qxc3 20. Be1 $17) 20. h4 a4 (20... Qxc3 21. Be1 $11) 21. Nd2 {[#] Black should prevent g5.} Qxc3 (21... h5 $1 $19 22. gxh5 b4) 22. Nb1 $17 Qc6 23. Ka1 (23. g5 $17 {keeps fighting.}) 23... a3 (23... h5 $19 24. g5 Ng4) 24. Rh3 {next Rc3 is good for White.} b4 (24... Nxe4 25. Re1 $16) 25. g5 Nxe4 (25... Ba6 $19 26. Qf3 Nh7 27. gxh6 gxh6) 26. Re3 $1 $15 {[%cal Rg2e4]} f5 (26... Ndc5 $15 27. Re1 hxg5 28. hxg5 O-O) 27. gxf6 $1 $14 Ndxf6 {Strongly threatening ...0-0.} 28. c4 $2 {[%mdl 8192]} ({Worse is} 28. Bxe4 Nxe4 29. Qh5+ Kf8 $17) (28. Nd2 $14 Qc7 29. Nxe4 Bxe4 30. Bxe4 Nxe4 31. Qh5+ Kf8 32. Qf5+ {[%mdl 64] Double Attack} Nf6 33. Qxe5 Qxe5+ 34. Rxe5) 28... Qa4 29. Rg1 $2 (29. Bxe4 Bxe4 30. Nd2) 29... O-O $19 30. Bh3 b3 {Played: Be7-c5} 0-1

[Event "31st Roquetas de Mar Open 2020"]
[Site "Roquetas de Mar"]
[Date "2020.01.06"]
[Round "7.5"]
[White "Sivuk, Vitaly"]
[Black "Merario Alarcon, Andres"]
[Result "1-0"]
[WhiteElo "2579"]
[BlackElo "2412"]
[Annotator "RC"]
[PlyCount "104"]
[EventDate "2020.01.02"]
[EventType "swiss"]
[EventCountry "ESP"]
[SourceTitle "playchess.com"]
[Source "ChessBase"]
[SourceQuality "1"]
[TimeControl "5400+30"]

1. d4 {[%emt 0:03:37]} Nf6 {[%emt 0:00:00]} 2. c4 {[%emt 0:00:39]} e6 {[%emt 0:00:02]} 3. Nc3 {[%emt 0:00:00]} d5 {[%emt 0:00:26]} 4. cxd5 {[%emt 0:00:00]} Nxd5 {[%emt 0:00:07]} 5. e4 {[%emt 0:00:08]} Nxc3 {[%emt 0:00:06]} 6. bxc3 {[%emt 0:00:05]} c5 {[%emt 0:00:08]} 7. Rb1 {[%emt 0:00:08]} Be7 {[%emt 0:00:09]} 8. Nf3 {[%emt 0:00:49]} O-O {[%emt 0:00:09]} 9. h4 {[%emt 0:00:15]} b6 {[%emt 0:03:03]} 10. h5 {[%emt 0:00:21]} cxd4 {[%emt 0:00:24]} 11. cxd4 {[%emt 0:00:08]} Bb7 {[%emt 0:00:05]} 12. Bd3 {[%emt 0:01:38]} Nc6 {[%emt 0:03:45]} 13. Bb2 {[%emt 0:03:29]} Nb4 {[%emt 0:00:23]} 14. h6 {[%emt 0:00:40]} g6 {[%emt 0:00:09]} 15. O-O {[%emt 0:06:58]} Rc8 {[%emt 0:06:47]} 16. Re1 {[%emt 0:01:20]} Nxd3 {[%emt 0:00:51]} 17. Qxd3 {[%emt 0:00:06]} Bf6 {[%emt 0:16:11]} 18. Qe3 {[%emt 0:05:48]} Re8 {[%emt 0:14:25]} 19. Rbc1 {[%emt 0:02:29]} Rxc1 {[%emt 0:10:28]} 20. Rxc1 {[%emt 0:01:23]} Qb8 {[%emt 0:01:49]} 21. Ba3 {[%emt 0:05:16]} Rc8 {[%emt 0:05:05]} 22. Rxc8+ {[%emt 0:00:23]} Qxc8 {[%emt 0:01:08]} 23. Qf4 {[%emt 0:01:18]} Qd8 {[%emt 0:02:09]} 24. g4 {[%emt 0:11:30]} Bh8 {[%emt 0:06:24]} 25. g5 {[%emt 0:19:34]} Bc6 {[%emt 0:07:51]} 26. Bd6 {[%emt 0:07:42]} f6 {[%emt 0:02:59]} 27. e5 {[%emt 0:01:37]} f5 {[%emt 0:04:27]} 28. Ne1 {[%emt 0:01:30]} Kf7 {[%emt 0:05:49]} 29. Qc1 {[%emt 0:01:33]} Qa8 {[%emt 0:03:15]} 30. Nd3 {[%emt 0:00:44]} Ke8 {[%emt 0:02:10]} 31. Nf4 {[%emt 0:01:18]} Bd7 {[%emt 0:02:08]} 32. Qc7 {[%emt 0:01:07]} Qd8 {[%emt 0:01:55]} 33. Qxd8+ {[%emt 0:01:20]} Kxd8 {[%emt 0:00:01]} 34. a3 {[%emt 0:00:42]} Bc8 {[%emt 0:00:19]} 35. f3 {[%emt 0:01:04]} Kd7 {[%emt 0:00:10]} 36. Kf2 {[%emt 0:00:07]} Ba6 {[%emt 0:00:29]} 37. Bf8 {[%emt 0:05:29]} Ke8 {[%emt 0:00:08]} 38. Bg7 {[%emt 0:00:20]} Bxg7 {[%emt 0:00:06]} 39. hxg7 {[%emt 0:00:03]} Kf7 {[%emt 0:00:07]} 40. Nxe6 {[%emt 0:00:05]} Bc4 {[%emt 0:00:48]} 41. Nc7 {[%emt 0:00:10]} Kxg7 {[%emt 0:00:10]} 42. d5 {[%emt 0:00:29]} f4 {[%emt 0:02:55]} 43. e6 {[%emt 0:00:30]} Kf8 {[%emt 0:00:25]} 44. d6 {[%emt 0:00:06]} Bxe6 {[%emt 0:00:38]} 45. Nxe6+ {[%emt 0:00:05]} Ke8 {[%emt 0:00:02]} 46. Nxf4 {[%emt 0:00:28]} Kd7 {[%emt 0:00:02]} 47. Ke3 {[%emt 0:00:13]} Kxd6 {[%emt 0:00:06]} 48. Kd4 {[%emt 0:00:02]} b5 {[%emt 0:00:30]} 49. Nd5 {[%emt 0:00:24]} Ke6 {[%emt 0:00:31]} 50. Ke4 {[%emt 0:02:48]} Kd6 {[%emt 0:00:09]} 51. Nf6 {[%emt 0:00:23]} a5 {[%emt 0:00:08]} 52. Nxh7 {[%emt 0:00:58]} a4 {[%emt 0:00:41]} 1-0

[Event "31st Roquetas de Mar Open 2020"]
[Site "Roquetas de Mar"]
[Date "2020.01.06"]
[Round "7.6"]
[White "Krysa, Leandro"]
[Black "Suarez Uriel, Adrian"]
[Result "1/2-1/2"]
[WhiteElo "2522"]
[BlackElo "2362"]
[Annotator "RC"]
[PlyCount "63"]
[EventDate "2020.01.02"]
[EventType "swiss"]
[EventCountry "ESP"]
[SourceTitle "playchess.com"]
[Source "ChessBase"]
[SourceQuality "1"]
[TimeControl "5400+30"]

1. c4 {[%emt 0:00:13]} Nf6 {[%emt 0:02:16]} 2. Nc3 {[%emt 0:00:11]} e5 {[%emt 0:00:08]} 3. Nf3 {[%emt 0:00:14]} Nc6 {[%emt 0:00:05]} 4. g3 {[%emt 0:00:13]} d5 {[%emt 0:00:05]} 5. cxd5 {[%emt 0:00:06]} Nxd5 {[%emt 0:00:04]} 6. Bg2 {[%emt 0:00:05]} Nb6 {[%emt 0:00:03]} 7. O-O {[%emt 0:00:13]} Be7 {[%emt 0:00:06]} 8. d3 {[%emt 0:00:08]} O-O {[%emt 0:00:09]} 9. Be3 {[%emt 0:00:14]} Be6 {[%emt 0:00:15]} 10. Rc1 {[%emt 0:00:15]} Qd7 {[%emt 0:02:45]} 11. a3 {[%emt 0:03:59]} a5 {[%emt 0:04:01]} 12. Na4 {[%emt 0:09:14]} Nxa4 {[%emt 0:17:56]} 13. Qxa4 {[%emt 0:00:15]} Rfd8 {[%emt 0:04:17]} 14. Rfe1 {[%emt 0:18:25]} Bd5 {[%emt 0:06:52]} 15. Bc5 {[%emt 0:07:06]} Bf6 {[%emt 0:06:51]} 16. Nd2 {[%emt 0:05:28]} Bg5 {[%emt 0:01:49]} 17. Be3 {[%emt 0:01:22]} Bxe3 {[%emt 0:00:48]} 18. fxe3 {[%emt 0:00:11]} Bxg2 {[%emt 0:00:32]} 19. Kxg2 {[%emt 0:00:05]} Qe6 {[%emt 0:06:48]} 20. Qb3 {[%emt 0:10:34]} Qxb3 {[%emt 0:13:56]} 21. Nxb3 {[%emt 0:00:04]} Rd5 {[%emt 0:01:28]} 22. Rc5 {[%emt 0:14:59]} Rxc5 {[%emt 0:01:50]} 23. Nxc5 {[%emt 0:00:03]} b6 {[%emt 0:05:07]} 24. Nd7 {[%emt 0:01:24]} Re8 {[%emt 0:02:38]} 25. Rc1 {[%emt 0:01:07]} Re6 {[%emt 0:00:01]} 26. b4 {[%emt 0:01:48]} axb4 {[%emt 0:00:15]} 27. axb4 {[%emt 0:00:04]} Nxb4 {[%emt 0:05:54]} 28. Rxc7 {[%emt 0:00:37]} f6 {[%emt 0:03:00]} 29. e4 {[%emt 0:04:52]} Nc6 {[%emt 0:01:05]} 30. Kf2 {[%emt 0:02:25]} Nd4 {[%emt 0:03:19]} 31. e3 {[%emt 0:07:34]} Nb5 {[%emt 0:00:13]} 32. Rb7 {[%emt 0:06:11]} 1/2-1/2

[Event "31st Roquetas de Mar Open 2020"]
[Site "Roquetas de Mar"]
[Date "2020.01.06"]
[Round "7.7"]
[White "Marin, Mihail"]
[Black "Shariyazdanov, Andrey"]
[Result "1/2-1/2"]
[WhiteElo "2496"]
[BlackElo "2519"]
[Annotator "RC"]
[PlyCount "99"]
[EventDate "2020.01.02"]
[EventType "swiss"]
[EventCountry "ESP"]
[SourceTitle "playchess.com"]
[Source "ChessBase"]
[SourceQuality "1"]
[TimeControl "5400+30"]

1. c4 Nf6 2. g3 e6 3. Bg2 d5 4. Nf3 Be7 5. O-O O-O 6. b3 b6 7. Bb2 Bb7 8. e3 c5 9. Nc3 Qc8 10. Qe2 Rd8 11. d3 Nc6 12. Rfd1 d4 13. exd4 Nxd4 14. Nxd4 cxd4 15. Ne4 Nxe4 16. Bxe4 a5 17. a3 Bc5 18. Bc1 Qd7 19. Bd2 Bd6 20. b4 a4 21. Rac1 Rac8 22. Rc2 e5 23. g4 Bxe4 24. Qxe4 Rc6 25. Bg5 Rdc8 26. Bh4 b5 27. c5 Bc7 28. Bg3 Rf8 29. Rf1 f6 30. f3 g6 31. Rg2 Kh8 32. f4 exf4 33. Bxf4 Re6 34. Qb7 Rc8 35. Bxc7 Rxc7 36. Qf3 Rcc6 37. Qf4 Rc8 38. h4 Qd5 39. h5 gxh5 40. gxh5 Qxh5 41. Qxd4 Rg8 42. Rxg8+ Kxg8 43. Qd8+ Kf7 44. Qd7+ Re7 45. Qf5 Qh6 46. Qd5+ Kf8 47. Qd8+ Kf7 48. Qd5+ Kf8 49. Qd8+ Kf7 50. Qd5+ 1/2-1/2

[Event "31st Roquetas de Mar Open 2020"]
[Site "Roquetas de Mar"]
[Date "2020.01.06"]
[Round "7.8"]
[White "Klekowski, Maciej"]
[Black "Mieles Palau, Daniel"]
[Result "1/2-1/2"]
[WhiteElo "2515"]
[BlackElo "2374"]
[Annotator "RC"]
[PlyCount "89"]
[EventDate "2020.01.02"]
[EventType "swiss"]
[EventCountry "ESP"]
[SourceTitle "playchess.com"]
[Source "ChessBase"]
[SourceQuality "1"]
[TimeControl "5400+30"]

1. c4 c5 {[%emt 0:01:45]} 2. Nc3 {[%emt 0:00:33]} Nc6 {[%emt 0:00:34]} 3. g3 {[%emt 0:00:05]} g6 {[%emt 0:00:38]} 4. Bg2 {[%emt 0:00:05]} Bg7 {[%emt 0:00:06]} 5. b3 {[%emt 0:01:10]} e6 {[%emt 0:06:39]} 6. Ba3 {[%emt 0:00:46]} d6 {[%emt 0:03:03]} 7. e3 {[%emt 0:00:09]} Nge7 {[%emt 0:01:16]} 8. Nge2 {[%emt 0:00:06]} e5 {[%emt 0:02:32]} 9. O-O {[%emt 0:03:23]} O-O {[%emt 0:00:08]} 10. d3 {[%emt 0:08:54]} b6 {[%emt 0:01:24]} 11. b4 {[%emt 0:08:43]} Bb7 {[%emt 0:03:21]} 12. Rb1 {[%emt 0:09:37]} Qd7 {[%emt 0:06:13]} 13. bxc5 {[%emt 0:01:28]} dxc5 {[%emt 0:00:36]} 14. Nd5 {[%emt 0:00:10]} Nxd5 {[%emt 0:06:07]} 15. Bxd5 {[%emt 0:00:15]} Na5 {[%emt 0:01:37]} 16. Nc3 {[%emt 0:00:58]} Kh8 {[%emt 0:09:10]} 17. Bb2 {[%emt 0:04:38]} f5 {[%emt 0:00:24]} 18. Bxb7 {[%emt 0:04:09]} Qxb7 {[%emt 0:02:31]} 19. f3 {[%emt 0:17:57]} e4 {[%emt 0:17:53]} 20. fxe4 {[%emt 0:11:09]} fxe4 {[%emt 0:00:14]} 21. Nxe4 {[%emt 0:00:35]} Bxb2 {[%emt 0:01:58]} 22. Rxb2 {[%emt 0:00:13]} Nxc4 {[%emt 0:00:06]} 23. Rbf2 {[%emt 0:01:24]} Rxf2 {[%emt 0:00:27]} 24. Rxf2 {[%emt 0:00:03]} Ne5 {[%emt 0:05:48]} 25. Nf6 {[%emt 0:09:53]} Qg7 {[%emt 0:02:37]} 26. d4 {[%emt 0:01:32]} Rd8 {[%emt 0:00:07]} 27. Qf1 {[%emt 0:01:19]} cxd4 {[%emt 0:01:06]} 28. exd4 {[%emt 0:00:03]} Nf7 {[%emt 0:01:37]} 29. Qe2 {[%emt 0:10:21]} Nd6 {[%emt 0:09:39]} 30. g4 {[%emt 0:00:47]} Nf5 {[%emt 0:02:04]} 31. Ne8 {[%emt 0:00:17]} Qe7 {[%emt 0:04:04]} 32. Rxf5 {[%emt 0:00:23]} Qxe8 {[%emt 0:00:01]} 33. Re5 {[%emt 0:00:14]} Qf7 {[%emt 0:01:27]} 34. d5 {[%emt 0:01:17]} Qf4 {[%emt 0:01:39]} 35. Kg2 {[%emt 0:00:51]} Qd4 {[%emt 0:01:13]} 36. Re8+ {[%emt 0:01:08]} Rxe8 {[%emt 0:00:22]} 37. Qxe8+ {[%emt 0:00:04]} Kg7 {[%emt 0:00:02]} 38. Qe7+ {[%emt 0:00:04]} Kg8 {[%emt 0:00:17]} 39. Qe6+ {[%emt 0:00:21]} Kg7 {[%emt 0:00:05]} 40. Qe7+ {[%emt 0:01:26]} Kg8 {[%emt 0:00:06]} 41. d6 {[%emt 0:00:21]} Qxg4+ {[%emt 0:00:53]} 42. Kf2 {[%emt 0:00:05]} Qd4+ {[%emt 0:00:09]} 43. Ke2 {[%emt 0:00:06]} Qc4+ {[%emt 0:00:08]} 44. Ke3 {[%emt 0:00:21]} Qc3+ {[%emt 0:00:42]} 45. Ke2 {[%emt 0:00:05]} 1/2-1/2

[Event "31st Roquetas de Mar Open 2020"]
[Site "Roquetas de Mar"]
[Date "2020.01.06"]
[Round "7.9"]
[White "Gines Esteo, Pedro Antonio"]
[Black "Sosa, Tomas"]
[Result "1-0"]
[WhiteElo "2482"]
[BlackElo "2508"]
[Annotator "RC"]
[PlyCount "85"]
[EventDate "2020.01.02"]
[EventType "swiss"]
[EventCountry "ESP"]
[SourceTitle "playchess.com"]
[Source "ChessBase"]
[SourceQuality "1"]
[TimeControl "5400+30"]

1. Nf3 {[%emt 0:11:49]} d5 {[%emt 0:00:03]} 2. g3 {[%emt 0:00:24]} Nc6 {[%emt 0:00:17]} 3. d4 {[%emt 0:10:13]} Bf5 {[%emt 0:00:30]} 4. Bg2 {[%emt 0:17:37]} Nb4 {[%emt 0:01:20]} 5. Na3 {[%emt 0:01:59]} e6 {[%emt 0:00:26]} 6. O-O {[%emt 0:03:35]} Nf6 {[%emt 0:11:35]} 7. Ne5 {[%emt 0:06:42]} Be7 {[%emt 0:06:46]} 8. c3 {[%emt 0:02:29]} Na6 {[%emt 0:00:19]} 9. Qa4+ {[%emt 0:00:22]} c6 {[%emt 0:02:34]} 10. c4 {[%emt 0:01:12]} Qb6 {[%emt 0:08:52]} 11. c5 {[%emt 0:11:06]} Qb4 {[%emt 0:05:40]} 12. Qd1 {[%emt 0:00:22]} Nb8 {[%emt 0:03:02]} 13. Nd3 {[%emt 0:01:59]} Qa5 {[%emt 0:03:50]} 14. b4 {[%emt 0:01:38]} Qd8 {[%emt 0:00:59]} 15. b5 {[%emt 0:09:49]} O-O {[%emt 0:03:26]} 16. Bf4 {[%emt 0:02:06]} a6 {[%emt 0:05:57]} 17. b6 {[%emt 0:00:18]} Nbd7 {[%emt 0:00:08]} 18. Nc2 {[%emt 0:02:15]} Re8 {[%emt 0:12:05]} 19. Ne3 {[%emt 0:05:27]} Be4 {[%emt 0:03:47]} 20. f3 {[%emt 0:00:28]} Bxd3 {[%emt 0:08:59]} 21. exd3 {[%emt 0:00:14]} e5 {[%emt 0:00:30]} 22. dxe5 {[%emt 0:01:12]} Nxe5 {[%emt 0:00:19]} 23. d4 {[%emt 0:05:50]} Ng6 {[%emt 0:06:27]} 24. Bc7 {[%emt 0:00:04]} Qd7 {[%emt 0:00:02]} 25. Qd3 {[%emt 0:00:16]} Rec8 {[%emt 0:03:01]} 26. Qf5 {[%emt 0:01:28]} Nf8 {[%emt 0:03:41]} 27. Bh3 {[%emt 0:00:22]} Qe8 {[%emt 0:04:23]} 28. Rae1 {[%emt 0:01:04]} Ne6 {[%emt 0:00:11]} 29. Qd3 {[%emt 0:01:09]} Nxc7 {[%emt 0:01:16]} 30. Bxc8 {[%emt 0:00:08]} Qxc8 {[%emt 0:00:08]} 31. bxc7 {[%emt 0:00:15]} Qxc7 {[%emt 0:00:05]} 32. Nf5 {[%emt 0:00:34]} Bf8 {[%emt 0:00:08]} 33. Qe3 {[%emt 0:00:20]} Re8 {[%emt 0:03:14]} 34. Qg5 {[%emt 0:00:34]} Re6 {[%emt 0:00:13]} 35. Nh6+ {[%emt 0:00:54]} Kh8 {[%emt 0:00:06]} 36. Ng4 {[%emt 0:00:01]} Rxe1 {[%emt 0:02:57]} 37. Rxe1 {[%emt 0:00:01]} Qa5 {[%emt 0:00:07]} 38. Re2 {[%emt 0:01:27]} Qb4 {[%emt 0:00:58]} 39. Qd2 {[%emt 0:00:41]} Qb1+ {[%emt 0:00:29]} 40. Re1 {[%emt 0:00:02]} Qf5 {[%emt 0:00:09]} 41. Nxf6 {[%emt 0:01:24]} Qxf6 {[%emt 0:00:05]} 42. Qf4 {[%emt 0:00:25]} Qg6 {[%emt 0:00:29]} 43. Qd6 {[%emt 0:00:16]} 1-0

[Event "31st Roquetas de Mar Open 2020"]
[Site "Roquetas de Mar"]
[Date "2020.01.06"]
[Round "7.10"]
[White "Espinosa Aranda, Angel"]
[Black "Rajarishi Karthi"]
[Result "1/2-1/2"]
[WhiteElo "2504"]
[BlackElo "2103"]
[Annotator "RC"]
[PlyCount "63"]
[EventDate "2020.01.02"]
[EventType "swiss"]
[EventCountry "ESP"]
[SourceTitle "playchess.com"]
[Source "ChessBase"]
[SourceQuality "1"]
[TimeControl "5400+30"]

1. e4 {[%emt 0:00:00]} e6 {[%emt 0:09:43]} 2. d4 {[%emt 0:00:00]} d5 {[%emt 0:00:46]} 3. Nd2 {[%emt 0:00:08]} Be7 {[%emt 0:01:17]} 4. Ngf3 {[%emt 0:00:47]} Nf6 {[%emt 0:00:38]} 5. e5 {[%emt 0:00:20]} Nfd7 {[%emt 0:01:07]} 6. Bd3 {[%emt 0:00:11]} c5 {[%emt 0:01:24]} 7. c3 {[%emt 0:00:05]} b6 {[%emt 0:00:09]} 8. O-O {[%emt 0:00:15]} Ba6 {[%emt 0:00:26]} 9. Ne1 {[%emt 0:00:04]} Bxd3 {[%emt 0:00:23]} 10. Nxd3 {[%emt 0:00:05]} Nc6 {[%emt 0:00:41]} 11. Qg4 {[%emt 0:00:04]} O-O {[%emt 0:00:17]} 12. Nf3 {[%emt 0:00:05]} Kh8 {[%emt 0:00:14]} 13. h4 {[%emt 0:01:17]} Qe8 {[%emt 0:06:09]} 14. Be3 {[%emt 0:02:43]} Rc8 {[%emt 0:03:01]} 15. Nf4 {[%emt 0:13:36]} b5 {[%emt 0:05:02]} 16. a3 {[%emt 0:02:37]} a5 {[%emt 0:00:35]} 17. Ng5 {[%emt 0:11:41]} Bd8 {[%emt 0:07:03]} 18. Qh5 {[%emt 0:18:22]} h6 {[%emt 0:01:22]} 19. Nf3 {[%emt 0:01:36]} Ne7 {[%emt 0:04:06]} 20. Ne2 {[%emt 0:03:39]} Nf5 {[%emt 0:02:16]} 21. Ng3 {[%emt 0:01:52]} Nxg3 {[%emt 0:02:54]} 22. fxg3 {[%emt 0:00:05]} f5 {[%emt 0:00:07]} 23. Qxe8 {[%emt 0:01:46]} Rxe8 {[%emt 0:00:12]} 24. Ne1 {[%emt 0:00:02]} cxd4 {[%emt 0:00:26]} 25. cxd4 {[%emt 0:01:10]} Bb6 {[%emt 0:00:09]} 26. Nf3 {[%emt 0:00:31]} Rc2 {[%emt 0:00:22]} 27. Rf2 {[%emt 0:00:56]} Rec8 {[%emt 0:00:10]} 28. Raf1 {[%emt 0:00:21]} Ba7 {[%emt 0:00:21]} 29. Rxc2 {[%emt 0:00:32]} Rxc2 {[%emt 0:00:06]} 30. Rf2 {[%emt 0:00:01]} Rc7 {[%emt 0:00:35]} 31. Kf1 {[%emt 0:01:59]} Nb6 {[%emt 0:00:19]} 32. Ke1 {[%emt 0:04:20]} 1/2-1/2